| 000 | 01110cad a22002175a 4500 | ||
|---|---|---|---|
| 001 | L153866 | ||
| 008 | 110914s2011 xxk 000 0 eng d | ||
| 035 | _a(Sirsi) u153866 | ||
| 041 | 0 | _aeng | |
| 110 | 2 |
_aEC Harris _94930 |
|
| 245 | 0 | 0 |
_aMarket view UK summer 2011 _bsluggish growth in the UK economy spells further slowdowns for construction _h[electronic resource] |
| 260 |
_aLondon _bEC Harris _c2011 |
||
| 490 | 0 |
_aEC Harris Research Market View UK _vSummer 2011 |
|
| 520 | _aThe latest construction new orders were very poor, indicating little chance of a letup from the tight market conditions for vast swathes of the country. Looks at construction output v tender price index (June 2011), infrastructure tender price index (June 2011), UK construction output (year on year percentage movement). | ||
| 590 | _aKA | ||
| 651 | 4 |
_aUnited Kingdom _y |
|
| 690 | _aBUILT ENVIRONMENT-BUILDING COSTS | ||
| 690 | _aBUILT ENVIRONMENT-CONSTRUCTION MARKET | ||
| 856 | 4 | 0 |
_uhttps://www.echarris.com/pdf/8044_Market%20View_Summer%202011%20v3.pdf _zView the item free of charge at www.echarris.com |
| 942 | _n0 | ||
| 999 |
_c112737 _d112737 |
||